| 000 | 00460nam a2200181Ia 4500 | ||
|---|---|---|---|
| 001 | 19661 | ||
| 005 | 20260306172709.0 | ||
| 008 | 260306t2008||||xx |||||||||||||| ||spa|| | ||
| 041 | _aESP | ||
| 082 |
_a340.92 _bR24 2008 |
||
| 100 |
_aRamos Núñez, Carlos Augusto _eAUT |
||
| 245 | 0 |
_aToribio Pacheco: _bjurista peruano del siglo XIX |
|
| 260 | _c2008 | ||
| 300 |
_a308 páginas : _c20 cm. |
||
| 650 | _aGEN | ||
| 654 | _aCDE | ||
| 942 |
_cLIB _dJUS _fJUS _2ddc _n |
||
| 999 |
_c19661 _d19661 |
||